Fantastische Tierwesen und wo sie zu finden sind - Endemiten - Statistiken

Allgemein
  • Dieses Quiz wurde 14 mal gespielt
  • Das Durchschnittsergebnis liegt bei 12 aus 26
Antwortstatistiken
Hint Antwort % Korrekt
Grosser Panda (Raubtiere) China
100%
Tasmanischer Teufel (Raubbeutlerartige) Australien
92%
Komodowaran (Schuppenkriechtiere) Indonesien
75%
Fossa (Raubtiere) Madagaskar
75%
Azoren-Abendsegler (Fledertiere) Portugal
67%
Kaukasus-Ziesel (Nagetiere) Russland
67%
Darwinfinken (Sperlingsvögel) Ecuador
58%
Wolf-Riesenschildkröte (Schildkröten) Ecuador
58%
Katta (Primaten) Madagaskar
58%
Kea (Papageien) Neuseeland
58%
Antigua-Schlanknatter (Schuppenkriechtiere) Antigua und Barbuda
50%
Galah/Rosakakadu (Papageien) Australien
50%
Tapanuli-Orang-Utan (Primaten) Indonesien
50%
Zweifarbentamarin (Primaten) Brasilien
42%
Babirusa/Hirscheber (Paarhufer) Indonesien
42%
Axolotl (Schwanzlurche) Mexiko
42%
Kakapo (Papageien) Neuseeland
42%
Affenadler (Greifvögel) Philippinen
33%
Schwarze Stumpfnase (Primaten) China
25%
Rotgesichtsmakake (Primaten) Japan
25%
Pitohui/Zweifarbenpirol (Sperlingsvögel) Papua Neuguinea
25%
Gürtelmull (Gepanzerte Nebengelenktiere) Argentinien
17%
Kleidervögel (Sperlingsvögel) Vereinigte Staaten
17%
Anolis allisoni (Schuppenkriechtiere) Kuba
8%
Brienzlig (Lachsartige) Schweiz
8%
Castroviejo-Hase (Hasenartige) Spanien
8%
Keine übereinstimmenden Quizze gefunden
Verteilung der Resultate
Anzahl Personen mit jedem Resultat
Perzentil nach korrekt beantworteten Fragen
Ihre Resultats-Entwicklung
Sie haben dieses Quiz noch nicht gespielt